1901 1350 1213 1989 1674 1514 1106 1850 1431 1784 1394 1013 1027 1876 1587 1985 1112 1815 1901 1587 1923 1752 1360 1511 1397 1171 1826 1687 1048 1979 1776 1122 1298 1213 1741 1772 1902 1693 1125 1052 1498 1314 1409 1177 1564 1093 1120 1227 1153 1616 1241 1558 1912 1404 1454 1559 1681 1277 1875 1547 1611 1778 1857 1148 1446 1905 1152 1830 1713 1100 1691 1120 1533 1462 1852 1845 1650 1193 1628 1516 1106 1761 1883 1322 1825 1763 1082 1888 1279 1022 1359 1593 1490 1515 1127 1192 1450 1492 1544 BCNSPRNW ULIB Ver.6.0+V

เปลี่ยนเป็นภาษาไทย

Change to English
 แสดงรายละเอียดบรรณานุกรม
  กลับหน้าหลัก

Brief Record : Get Marc (ISO 2709) : E-mail record : QR code < ปิดหน้าต่าง
LEADER : 00000nam 2200000uu 4500
001    13399121279
003     ULIB
008    121114s2552||||th 000 0 tha d
020    ^a9786167276045
050 04 ^aPE1130^bว734ฝ 2552
100 0  ^aวิไลลักษณ์ ใจกว้าง
245 10 ^aฝึกอ่านภาษาอังกฤษซะให้เก็ท ฉบับฝึกอ่านภาษาอังกฤษจาก The 7 wonders of the world /^cวิไลลักษณ์ ใจกว้าง
260    ^aกรุงเทพฯ :^bMinibear,^c2552
300    ^a170 หน้า :^bภาพประกอบ ;^c21 ซม
505 2  ^aซีเชน อิตซ่า : นครแห่งชาวมายา ประเทศเม็กซิโก -- ไครสต์ เดอะรีดีมเมอร์ : อ้อมกอดที่ยิ่งใหญ่จากพระผู้เป็นเจ้าเมืองริโอ เดอ จาเนโร ประเทศบราซิล -- โคลอสเซียม : จุดเริ่มต้นแห่งการรบที่ยิ่งใหญ่ ประเทศอิตาลี -- กำแพงเมืองจีน : เรื่องเล่าที่แสนยาวนานจากอดีต ประเทศจีน -- มาชู ปิกชู : นครสาบสูญของชาวอินคา ประเทศเปรู -- เปตรา : ศิลานครที่สาบสูญ ประเทศจอร์แดน -- ทาจ มาฮาล : อนุสรณ์แห่งรักนิรันดร์ ประเทศอินเดีย -- มหาปิรามิดกีซ่า : สิ่งมหัศจรรย์ชั้นเลิศแห่งโลกโบราณ ประเทศอิยิปต์
650  7 ^aภาษาอังกฤษ^xการอ่าน
650  7 ^aภาษาอังกฤษ^xไวยากรณ์
945    ^p155^l0^i18082
995    ^aกัณชพร
999 ^a กัณชพร
รายการนี้ยังไม่มีแท็ก
คุณยังไม่ได้ล็อกอิน คุณสามารถมีกิจกรรมร่วมกับเว็บไซต์ได้ แต่ต้องล็อกอินก่อน ::
  ล็อกอิน

รายการสื่อสารสนเทศ

ลำดับที่ ประเภท เลขเรียก/บาร์โค้ด สถานที่ สถานะ
1. วิทยาศาสตร์การแพทย์ และสุขภาพ
วิทยาศาสตร์การแพทย์ และสุขภาพ
PE1130 ว734ฝ 2552  
  Barcode: 18082
ห้องสมุดวิทยาเขตสวรรค์ประชารักษ์
►หนังสือทั่วไป
บนชั้น

รายการใกล้เคียง
    ผู้แต่ง [วิไลลักษณ์ ใจกว้าง]

BibComment


ยังไม่เคยถูกคอมเมนท์

คอมเมนท์ทรัพยากรรายการนี้
  คอมเมนท์: ฝึกอ่านภาษาอังกฤ..


 Copyright 2026. Bcnsprnw @Library